| 000 | 00432nam a22001577a 4500 | ||
|---|---|---|---|
| 020 | _a9788131707135 | ||
| 040 | _cNust | ||
| 082 |
_a629.25 _bHAL |
||
| 100 |
_aHalderman, .D James _9123961 |
||
| 110 |
_a.Jr, Mitchel .D Chase _9123962 |
||
| 245 |
_aAutomotive Engines, _bTheory and Servicing |
||
| 250 | _a5th Edition | ||
| 260 |
_aIndia: _bPearson Education Inc, _c2005. |
||
| 650 |
_aAutomotive Engines _961370 |
||
| 942 |
_2ddc _cBK |
||
| 999 |
_c609956 _d609956 |
||